[Event "ODJM C 2024"]
[Site "Willingen GER"]
[Date "2024.05.23"]
[Round "7"]
[White "Martens, Nele"]
[Black "Kanno, Gabriel"]
[Result "1/2-1/2"]
[Termination "normal"]
[Board "42"]
[WhiteElo "762"]
[BlackElo "884"]
[WhiteClock "01:08:59"]
[BlackClock "01:14:02"]
[PlyCount "80"]
[WhiteFideId "533001952"]
[BlackFideId "34623973"]
[EventCountry "GER"]
[EventRounds "9"]
[EventType "swiss"]
[EventDate "2024.05.18"]

1. e4 {[%clk 01:30:58]} {[%emt 00:00:17]} e5 {[%clk 01:30:55]} 2. Nf3 {[%clk
01:31:22]} Nc6 {[%clk 01:31:19]} 3. Bc4 {[%clk 01:31:40]} Bc5 {[%clk 01:31:44]}
4. Nc3 {[%clk 01:31:51]} Nf6 {[%clk 01:32:02]} 5. d3 {[%clk 01:32:03]} d6
{[%clk 01:32:27]} 6. Bg5 {[%clk 01:32:07]} h6 {[%clk 01:32:51]} 7. Bh4 {[%clk
01:32:29]} g5 {[%clk 01:33:14]} 8. Bg3 {[%clk 01:32:48]} Bg4 {[%clk 01:33:38]}
9. h3 {[%clk 01:33:03]} Bh5 10. O-O {[%clk 01:31:58]} Nd4 11. Bb5+ {[%clk
01:31:08]} c6 {[%clk 01:34:42]} 12. Bc4 {[%clk 01:27:24]} Nxf3+ {[%clk
01:33:59]} 13. gxf3 {[%clk 01:27:39]} Qe7 {[%clk 01:33:42]} 14. Qe2 {[%clk
01:27:26]} O-O-O {[%clk 01:33:58]} 15. Rad1 {[%clk 01:27:05]} Qd7 16. Kg2
{[%clk 01:25:20]} Bd4 {[%clk 01:30:49]} 17. Qd2 {[%clk 01:25:05]} b5 {[%clk
01:26:54]} 18. Bb3 {[%clk 01:25:17]} c5 19. a4 {[%clk 01:24:00]} b4 {[%clk
01:23:12]} 20. Nd5 Nxd5 {[%clk 01:23:09]} {[%emt 00:00:16]} 21. Bxd5 {[%clk
01:23:35]} {[%emt 00:00:48]} Bxb2 {[%clk 01:21:16]} {[%emt 00:02:23]} 22. Rb1
{[%clk 01:22:14]} {[%emt 00:01:50]} Bc3 {[%clk 01:21:25]} {[%emt 00:00:22]} 23.
Qe2 {[%clk 01:22:08]} {[%emt 00:00:36]} Qxa4 {[%clk 01:19:19]} {[%emt
00:02:36]} 24. Bb3 {[%clk 01:21:38]} {[%emt 00:00:59]} Qd7 {[%clk 01:19:04]}
{[%emt 00:00:45]} 25. Bd5 {[%clk 01:20:59]} {[%emt 00:01:09]} a5 {[%clk
01:18:11]} {[%emt 00:01:23]} 26. Bc4 {[%clk 01:17:50]} {[%emt 00:03:39]} a4
{[%clk 01:16:13]} {[%emt 00:02:29]} 27. Ba6+ {[%clk 01:17:52]} {[%emt
00:00:27]} Kc7 {[%clk 01:16:29]} {[%emt 00:00:15]} 28. Rbc1 {[%clk 01:17:23]}
{[%emt 00:00:58]} f5 {[%clk 01:16:18]} {[%emt 00:00:42]} 29. Ra1 {[%clk
01:14:19]} {[%emt 00:03:34]} Bxa1 {[%clk 01:16:12]} {[%emt 00:00:36]} 30. Rxa1
{[%clk 01:14:34]} {[%emt 00:00:14]} Ra8 {[%clk 01:16:25]} {[%emt 00:00:19]} 31.
Bc4 {[%clk 01:14:23]} {[%emt 00:00:39]} fxe4 {[%clk 01:16:16]} {[%emt
00:00:39]} 32. dxe4 {[%clk 01:13:56]} {[%emt 00:00:56]} a3 {[%clk 01:14:56]}
{[%emt 00:01:51]} 33. Bb5 {[%clk 01:14:03]} {[%emt 00:00:23]} Qd8 {[%clk
01:14:53]} {[%emt 00:00:33]} 34. Bc4 {[%clk 01:12:41]} {[%emt 00:01:51]} Rf8
{[%clk 01:15:06]} {[%emt 00:00:17]} 35. Qd3 {[%clk 01:10:42]} {[%emt 00:02:28]}
Rxf3 {[%clk 01:14:35]} {[%emt 00:01:02]} 36. Qd5 {[%clk 01:09:43]} {[%emt
00:01:29]} Rc3 {[%clk 01:13:57]} {[%emt 00:01:09]} 37. Bb5 {[%clk 01:08:43]}
{[%emt 00:01:30]} Be8 {[%clk 01:13:56]} {[%emt 00:00:31]} 38. Bc4 {[%clk
01:08:41]} {[%emt 00:00:31]} Bh5 {[%clk 01:13:35]} {[%emt 00:00:51]} 39. Bb5
{[%clk 01:08:54]} {[%emt 00:00:17]} Be8 {[%clk 01:13:58]} {[%emt 00:00:07]} 40.
Bc4 {[%clk 01:08:59]} {[%emt 00:00:25]} Bh5 {[%clk 01:14:02]} {[%emt 00:00:26]}
1/2-1/2

[Event "ODJM C 2024"]
[Site "Willingen GER"]
[Date "2024.05.23"]
[Round "7"]
[White "Schmidt, Lina"]
[Black "Hirtzel, Amelie Meiyan"]
[Result "0-1"]
[Termination "normal"]
[Board "44"]
[WhiteElo "746"]
[BlackElo "811"]
[WhiteClock "01:01:03"]
[BlackClock "01:06:26"]
[PlyCount "138"]
[WhiteFideId "34681493"]
[BlackFideId "533001898"]
[EventCountry "GER"]
[EventRounds "9"]
[EventType "swiss"]
[EventDate "2024.05.18"]

1. e4 {[%clk 01:30:59]} {[%emt 00:00:05]} d5 {[%clk 01:30:55]} 2. exd5 {[%clk
01:31:24]} Qxd5 {[%clk 01:31:19]} 3. Nc3 {[%clk 01:31:48]} Qa5 {[%clk
01:31:43]} 4. d3 {[%clk 01:31:59]} c6 {[%clk 01:32:07]} 5. Bd2 {[%clk
01:32:23]} Qc7 {[%clk 01:32:25]} 6. Nf3 {[%clk 01:31:00]} Nf6 {[%clk 01:32:46]}
7. Be2 {[%clk 01:31:21]} Bf5 {[%clk 01:32:59]} 8. h3 {[%clk 01:31:05]} Bd7
{[%clk 01:32:16]} 9. Ne4 {[%clk 01:31:20]} Nxe4 {[%clk 01:32:35]} 10. dxe4
{[%clk 01:31:43]} e6 {[%clk 01:32:53]} 11. O-O {[%clk 01:31:52]} Bd6 {[%clk
01:33:16]} 12. e5 {[%clk 01:30:59]} Be7 {[%clk 01:33:24]} 13. Bc3 {[%clk
01:30:03]} O-O {[%clk 01:32:52]} 14. Qe1 {[%clk 01:30:09]} b5 {[%clk 01:32:45]}
15. Ba5 {[%clk 01:30:20]} Qc8 {[%clk 01:32:42]} 16. Bd3 {[%clk 01:29:04]} a6
{[%clk 01:31:46]} 17. Qe4 {[%clk 01:29:15]} f5 {[%clk 01:30:25]} 18. Qe2 {[%clk
01:26:20]} c5 {[%clk 01:30:28]} 19. Rad1 {[%clk 01:25:04]} Nc6 {[%clk
01:29:40]} 20. Bb6 {[%clk 01:24:57]} Qb7 {[%clk 01:28:42]} 21. Bxc5 {[%clk
01:22:48]} Bxc5 {[%clk 01:28:59]} 22. c4 {[%clk 01:22:28]} bxc4 {[%clk
01:28:23]} 23. Bxc4 {[%clk 01:22:42]} Rfd8 24. Rd3 {[%clk 01:21:26]} Rab8
{[%clk 01:24:47]} 25. Rb1 {[%clk 01:21:03]} a5 {[%clk 01:22:38]} 26. Rdd1
{[%clk 01:18:10]} Ne7 {[%clk 01:22:22]} 27. Ba6 {[%clk 01:17:45]} Qa7 {[%clk
01:21:46]} 28. Rdc1 {[%clk 01:16:51]} Nd5 {[%clk 01:21:09]} 29. Nh2 {[%clk
01:15:47]} Nf4 {[%clk 01:19:36]} 30. Qf1 {[%clk 01:15:53]} Bd4 {[%clk
01:15:28]} 31. Bd3 {[%clk 01:15:27]} Bxb2 {[%clk 01:14:58]} 32. Rc2 {[%clk
01:15:21]} Bxe5 {[%clk 01:14:51]} 33. Bc4 {[%clk 01:14:14]} Rxb1 {[%clk
01:15:07]} 34. Qxb1 {[%clk 01:14:19]} Qb8 {[%clk 01:11:56]} 35. Qc1 {[%clk
01:13:22]} Bb5 {[%clk 01:11:10]} 36. Bf1 {[%clk 01:13:00]} Bxf1 {[%clk
01:11:14]} 37. Qxf1 {[%clk 01:13:09]} Nd5 {[%clk 01:08:17]} 38. Nf3 {[%clk
01:12:40]} Bd6 {[%clk 01:07:57]} 39. a4 {[%clk 01:10:44]} Qb3 {[%clk 01:07:40]}
40. Rc1 {[%clk 01:10:15]} Qxa4 {[%clk 01:07:30]} 41. Ra1 {[%clk 01:10:25]} Qc6
{[%clk 01:06:41]} 42. Ng5 {[%clk 01:10:18]} Re8 {[%clk 01:06:17]} 43. Re1
{[%clk 01:10:12]} e5 {[%clk 01:06:23]} 44. Qd3 {[%clk 01:09:36]} g6 {[%clk
01:06:15]} 45. Qb1 {[%clk 01:05:40]} h6 {[%clk 01:06:23]} 46. Nf3 {[%clk
01:06:00]} e4 {[%clk 01:06:07]} 47. Nd2 {[%clk 01:05:14]} Qb6 {[%clk 01:05:32]}
48. Qb3 {[%clk 01:05:15]} Qxb3 {[%clk 01:05:47]} 49. Nxb3 {[%clk 01:05:38]} a4
{[%clk 01:05:51]} 50. Nd2 {[%clk 01:05:24]} a3 {[%clk 01:05:41]} 51. Ra1 {[%clk
01:03:34]} Ra8 {[%clk 01:05:27]} 52. Nb3 {[%clk 01:02:10]} Be5 {[%clk
01:05:25]} 53. Rc1 {[%clk 01:02:24]} Nb4 {[%clk 01:04:40]} 54. f3 exf3 55. gxf3
{[%clk 00:59:49]} a2 {[%clk 01:04:29]} 56. h4 g5 57. hxg5 {[%clk 00:57:34]}
hxg5 {[%clk 01:04:55]} 58. Kf1 {[%clk 00:57:49]} {[%emt 00:00:15]} Kf7 {[%clk
01:05:13]} {[%emt 00:00:10]} 59. Kf2 {[%clk 00:58:10]} {[%emt 00:00:09]} Kf6
{[%clk 01:04:45]} {[%emt 00:00:57]} 60. Ke2 {[%clk 00:58:20]} {[%emt 00:00:21]}
Ke6 {[%clk 01:04:59]} {[%emt 00:00:15]} 61. Kd2 {[%clk 00:58:15]} {[%emt
00:00:54]} Bf4+ {[%clk 01:04:11]} {[%emt 00:01:18]} 62. Kd1 {[%clk 00:58:29]}
{[%emt 00:00:16]} Bxc1 {[%clk 01:04:32]} {[%emt 00:00:09]} 63. Kxc1 {[%clk
00:58:57]} {[%emt 00:00:02]} a1=Q+ {[%clk 01:04:36]} {[%emt 00:00:25]} 64. Kd2
{[%clk 00:59:17]} {[%emt 00:00:10]} Qb2+ {[%clk 01:04:47]} {[%emt 00:00:20]}
65. Ke3 {[%clk 00:59:35]} {[%emt 00:00:12]} Qxb3+ {[%clk 01:05:00]} {[%emt
00:00:16]} 66. Kf2 {[%clk 00:59:56]} {[%emt 00:00:09]} g4 {[%clk 01:05:20]}
{[%emt 00:00:09]} 67. fxg4 {[%clk 01:00:19]} {[%emt 00:00:07]} fxg4 {[%clk
01:05:44]} {[%emt 00:00:06]} 68. Ke1 {[%clk 01:00:44]} {[%emt 00:00:05]} Qb2
{[%clk 01:06:02]} {[%emt 00:00:12]} 69. Kd1 {[%clk 01:01:03]} {[%emt 00:00:11]}
Ra1# {[%clk 01:06:26]} {[%emt 00:00:06]} 0-1

[Event "ODJM C 2024"]
[Site "Willingen GER"]
[Date "2024.05.24"]
[Round "8"]
[White "Schilay, Vinzenz"]
[Black "Polster, Martha"]
[Result "0-1"]
[Termination "normal"]
[Board "1"]
[WhiteElo "1143"]
[BlackElo "1281"]
[WhiteClock "00:39:28"]
[BlackClock "00:53:46"]
[PlyCount "44"]
[WhiteFideId "12983209"]
[BlackFideId "34639845"]
[EventCountry "GER"]
[EventRounds "9"]
[EventType "swiss"]
[EventDate "2024.05.18"]

1. Nc3 {[%clk 01:30:57]} {[%emt 00:00:03]} d5 {[%clk 01:30:52]} {[%emt
00:00:08]} 2. e4 {[%clk 01:30:06]} {[%emt 00:01:21]} dxe4 {[%clk 01:28:26]}
{[%emt 00:02:56]} 3. Nxe4 {[%clk 01:30:19]} {[%emt 00:00:16]} e5 {[%clk
01:26:20]} {[%emt 00:02:38]} 4. Bc4 {[%clk 01:30:27]} {[%emt 00:00:22]} f5
{[%clk 01:25:36]} {[%emt 00:01:14]} 5. Ng3 {[%clk 01:27:57]} {[%emt 00:03:00]}
Nf6 {[%clk 01:24:53]} {[%emt 00:01:12]} 6. Nf3 {[%clk 01:27:40]} {[%emt
00:00:47]} Nc6 {[%clk 01:23:11]} {[%emt 00:02:13]} 7. Ng5 {[%clk 01:27:30]}
{[%emt 00:00:40]} Nd5 {[%clk 01:22:53]} {[%emt 00:00:44]} 8. d3 {[%clk
01:23:55]} {[%emt 00:04:09]} g6 {[%clk 01:22:18]} {[%emt 00:01:05]} 9. Qf3
{[%clk 01:21:57]} {[%emt 00:02:27]} Nce7 {[%clk 01:20:49]} {[%emt 00:02:00]}
10. Bd2 {[%clk 01:17:18]} {[%emt 00:05:09]} h6 {[%clk 01:20:21]} {[%emt
00:00:57]} 11. Nh3 {[%clk 01:16:48]} {[%emt 00:01:00]} Be6 {[%clk 01:18:43]}
{[%emt 00:02:08]} 12. O-O-O {[%clk 01:13:37]} {[%emt 00:03:41]} Qd6 {[%clk
01:16:45]} {[%emt 00:02:22]} 13. Rhe1 {[%clk 01:10:13]} {[%emt 00:04:01]} Bg7
{[%clk 01:14:28]} {[%emt 00:02:47]} 14. Qe2 {[%clk 00:59:42]} {[%emt 00:11:01]}
O-O-O {[%clk 01:12:59]} {[%emt 00:01:58]} 15. f4 {[%clk 00:57:56]} {[%emt
00:02:17]} Nc6 {[%clk 01:10:48]} {[%emt 00:02:41]} 16. Bb5 {[%clk 00:54:41]}
{[%emt 00:03:45]} Nd4 {[%clk 01:09:51]} {[%emt 00:01:26]} 17. Qf1 {[%clk
00:47:08]} {[%emt 00:08:03]} Nxb5 {[%clk 01:08:45]} {[%emt 00:01:37]} 18. c4
{[%clk 00:47:03]} {[%emt 00:00:34]} Qc6 {[%clk 01:01:21]} {[%emt 00:07:46]} 19.
Kb1 {[%clk 00:46:15]} {[%emt 00:01:26]} Nd4 {[%clk 00:57:41]} {[%emt 00:04:11]}
20. cxd5 {[%clk 00:40:11]} {[%emt 00:06:34]} Qc2+ {[%clk 00:55:50]} 21. Ka1
{[%clk 00:39:33]} {[%emt 00:03:28]} exf4 {[%clk 00:53:30]} {[%emt 00:02:49]}
22. Qxf4 {[%clk 00:39:28]} {[%emt 00:00:36]} Nb3+ {[%clk 00:53:46]} {[%emt
00:00:14]} 0-1

[Event "ODJM C 2024"]
[Site "Willingen GER"]
[Date "2024.05.24"]
[Round "8"]
[White "Moissl, Felix"]
[Black "Hantke, Karl"]
[Result "0-1"]
[Termination "normal"]
[Board "2"]
[WhiteElo "1600"]
[BlackElo "1555"]
[WhiteClock "00:58:17"]
[BlackClock "00:51:21"]
[PlyCount "53"]
[WhiteFideId "34623574"]
[BlackFideId "34640827"]
[EventCountry "GER"]
[EventRounds "9"]
[EventType "swiss"]
[EventDate "2024.05.18"]

1. d4 {[%clk 01:30:59]} e6 {[%clk 01:30:45]} {[%emt 00:00:16]} 2. c4 {[%clk
01:31:25]} {[%emt 00:00:04]} Nf6 {[%clk 01:31:10]} {[%emt 00:00:06]} 3. Nc3
{[%clk 01:31:45]} {[%emt 00:00:10]} b6 {[%clk 01:31:19]} {[%emt 00:00:20]} 4.
e4 {[%clk 01:32:07]} {[%emt 00:00:08]} Bb4 {[%clk 01:31:02]} {[%emt 00:00:47]}
5. Bd3 {[%clk 01:32:16]} {[%emt 00:00:21]} Bb7 {[%clk 01:31:09]} {[%emt
00:00:22]} 6. Qc2 {[%clk 01:32:32]} {[%emt 00:00:16]} Nc6 {[%clk 01:24:59]}
{[%emt 00:06:39]} 7. Nge2 {[%clk 01:30:59]} {[%emt 00:02:02]} e5 {[%clk
01:22:06]} {[%emt 00:03:24]} 8. a3 {[%clk 01:28:49]} {[%emt 00:02:40]} exd4
{[%clk 01:19:39]} {[%emt 00:02:57]} 9. axb4 {[%clk 01:29:11]} {[%emt 00:00:08]}
dxc3 {[%clk 01:19:58]} {[%emt 00:00:11]} 10. bxc3 {[%clk 01:27:36]} {[%emt
00:02:05]} Ne5 {[%clk 01:19:14]} {[%emt 00:01:15]} 11. Ng3 {[%clk 01:26:08]}
{[%emt 00:01:57]} Nxd3+ {[%clk 01:17:48]} {[%emt 00:01:56]} 12. Qxd3 {[%emt
00:07:08]} d6 {[%clk 01:10:24]} {[%emt 00:01:17]} 13. O-O {[%clk 01:22:23]}
{[%emt 00:04:14]} Qd7 {[%clk 01:08:35]} {[%emt 00:02:19]} 14. Re1 {[%clk
01:19:36]} {[%emt 00:03:17]} O-O-O {[%clk 01:07:40]} {[%emt 00:01:25]} 15. Rxa7
{[%clk 01:17:18]} {[%emt 00:02:48]} Qe6 {[%clk 01:05:10]} {[%emt 00:03:00]} 16.
Bg5 {[%clk 01:13:02]} {[%emt 00:04:45]} d5 {[%clk 01:04:59]} {[%emt 00:00:42]}
17. e5 {[%clk 01:07:15]} {[%emt 00:06:17]} dxc4 {[%clk 01:04:46]} {[%emt
00:00:43]} 18. Qe2 {[%clk 01:07:04]} {[%emt 00:00:40]} Qd5 {[%clk 01:02:57]}
{[%emt 00:02:20]} 19. Rxb7 {[%clk 01:05:51]} {[%emt 00:01:43]} Kxb7 {[%clk
01:01:14]} {[%emt 00:02:13]} 20. exf6 {[%clk 01:05:36]} {[%emt 00:00:45]} Qxg5
{[%clk 01:01:32]} {[%emt 00:00:13]} 21. fxg7 {[%clk 01:04:55]} {[%emt
00:01:09]} Qxg7 {[%clk 01:01:32]} {[%emt 00:00:31]} 22. Qe4+ {[%clk 01:05:12]}
{[%emt 00:00:13]} c6 {[%clk 00:57:39]} {[%emt 00:04:24]} 23. Qe7+ {[%clk
01:04:38]} {[%emt 00:01:03]} Kb8 {[%clk 00:56:20]} {[%emt 00:01:49]} 24. Nf5
{[%clk 01:02:11]} {[%emt 00:02:57]} Qf8 {[%clk 00:52:57]} {[%emt 00:03:52]} 25.
Qe5+ {[%clk 01:00:58]} {[%emt 00:01:44]} Kb7 {[%clk 00:52:51]} {[%emt
00:00:36]} 26. Ra1 {[%clk 01:00:24]} {[%emt 00:01:04]} f6 {[%clk 00:51:21]}
{[%emt 00:02:00]} 27. Qe1 {[%clk 00:58:17]} {[%emt 00:02:38]} 0-1

[Event "ODJM C 2024"]
[Site "Willingen GER"]
[Date "2024.05.24"]
[Round "8"]
[White "Classen, Marnin"]
[Black "Margaryan, Mari"]
[Result "1-0"]
[Termination "normal"]
[Board "4"]
[WhiteElo "1654"]
[BlackElo "1070"]
[WhiteClock "01:29:54"]
[BlackClock "01:08:32"]
[PlyCount "37"]
[WhiteFideId "34623833"]
[BlackFideId "16279700"]
[EventCountry "GER"]
[EventRounds "9"]
[EventType "swiss"]
[EventDate "2024.05.18"]

1. d4 {[%clk 01:30:53]} {[%emt 00:00:06]} d5 {[%emt 00:00:10]} 2. c4 {[%clk
01:31:19]} e6 {[%clk 01:31:18]} {[%emt 00:00:07]} 3. Nc3 {[%clk 01:31:39]}
{[%emt 00:00:10]} Nf6 {[%clk 01:31:09]} {[%emt 00:00:39]} 4. Bf4 {[%clk
01:31:59]} {[%emt 00:00:10]} a6 {[%clk 01:29:21]} {[%emt 00:02:18]} 5. e3
{[%clk 01:32:17]} {[%emt 00:00:13]} Nc6 {[%clk 01:28:40]} {[%emt 00:01:10]} 6.
Nf3 {[%clk 01:31:23]} {[%emt 00:01:24]} Bd6 {[%clk 01:24:10]} {[%emt 00:05:00]}
7. Bxd6 {[%clk 01:31:23]} {[%emt 00:00:30]} Qxd6 {[%clk 01:24:27]} {[%emt
00:00:13]} 8. Bd3 {[%clk 01:31:34]} {[%emt 00:00:19]} O-O {[%clk 01:22:03]}
{[%emt 00:02:54]} 9. O-O {[%clk 01:31:49]} {[%emt 00:00:14]} Re8 {[%clk
01:21:44]} {[%emt 00:00:50]} 10. Rc1 {[%clk 01:31:07]} {[%emt 00:01:11]} dxc4
{[%clk 01:13:08]} {[%emt 00:09:07]} 11. Bxc4 {[%clk 01:31:18]} {[%emt
00:00:19]} e5 {[%clk 01:11:39]} {[%emt 00:01:59]} 12. dxe5 {[%emt 00:00:50]}
Qxd1 {[%clk 01:11:47]} {[%emt 00:00:19]} 13. Rfxd1 {[%clk 01:31:13]} {[%emt
00:00:17]} Nxe5 {[%clk 01:11:22]} {[%emt 00:00:55]} 14. Nxe5 {[%clk 01:30:57]}
{[%emt 00:00:47]} Rxe5 {[%clk 01:11:45]} {[%emt 00:00:06]} 15. Nd5 {[%clk
01:29:05]} {[%emt 00:02:22]} Nxd5 {[%clk 01:10:44]} {[%emt 00:01:31]} 16. Bxd5
{[%clk 01:29:21]} {[%emt 00:00:15]} c6 {[%clk 01:10:55]} {[%emt 00:00:19]} 17.
Bxc6 {[%clk 01:29:21]} {[%emt 00:00:30]} bxc6 {[%clk 01:08:21]} {[%emt
00:03:04]} 18. Rd8+ {[%clk 01:29:30]} {[%emt 00:00:21]} Re8 {[%clk 01:08:32]}
{[%emt 00:00:20]} 19. Rxe8# {[%clk 01:29:54]} {[%emt 00:00:05]} 1-0

[Event "ODJM C 2024"]
[Site "Willingen GER"]
[Date "2024.05.24"]
[Round "8"]
[White "Stopp, Bruno"]
[Black "Rose, Elias Bernd"]
[Result "1/2-1/2"]
[Termination "normal"]
[Board "5"]
[WhiteElo "1249"]
[BlackElo "1292"]
[WhiteClock "00:08:52"]
[BlackClock "00:10:28"]
[PlyCount "117"]
[WhiteFideId "34640347"]
[BlackFideId "34665730"]
[EventCountry "GER"]
[EventRounds "9"]
[EventType "swiss"]
[EventDate "2024.05.18"]

1. e4 {[%clk 01:30:54]} {[%emt 00:00:05]} e6 {[%clk 01:30:37]} {[%emt
00:00:22]} 2. d4 {[%clk 01:30:58]} {[%emt 00:00:27]} d5 {[%clk 01:30:56]}
{[%emt 00:00:11]} 3. exd5 {[%clk 01:31:20]} {[%emt 00:00:09]} exd5 {[%clk
01:31:18]} {[%emt 00:00:07]} 4. Nf3 {[%clk 01:31:09]} {[%emt 00:00:41]} Bd6
{[%clk 01:26:31]} {[%emt 00:05:18]} 5. c4 {[%clk 01:31:13]} {[%emt 00:00:26]}
c6 {[%clk 01:26:23]} {[%emt 00:00:38]} 6. c5 {[%clk 01:31:31]} {[%emt
00:00:12]} Bc7 {[%clk 01:26:44]} {[%emt 00:00:07]} 7. Bd3 {[%clk 01:30:43]}
{[%emt 00:01:18]} Ne7 {[%clk 01:20:12]} {[%emt 00:07:00]} 8. O-O {[%clk
01:30:51]} {[%emt 00:00:26]} O-O {[%clk 01:20:11]} {[%emt 00:00:30]} 9. Qc2
{[%clk 01:30:17]} {[%emt 00:01:04]} h6 {[%clk 01:18:01]} {[%emt 00:02:40]} 10.
Nbd2 {[%clk 01:23:42]} {[%emt 00:07:04]} Nd7 {[%clk 01:16:19]} {[%emt
00:02:13]} 11. b4 {[%clk 01:18:07]} {[%emt 00:06:06]} Nf6 {[%clk 01:15:15]}
{[%emt 00:01:33]} 12. Re1 {[%clk 01:10:58]} {[%emt 00:07:39]} Be6 {[%clk
01:14:06]} {[%emt 00:01:37]} 13. Ne5 {[%clk 01:10:37]} {[%emt 00:00:53]} Nh5
{[%clk 01:03:26]} {[%emt 00:11:10]} 14. Ndf3 {[%clk 01:10:09]} {[%emt
00:00:58]} Qc8 {[%clk 00:59:51]} {[%emt 00:04:05]} 15. Bd2 {[%clk 01:02:58]}
{[%emt 00:07:40]} f6 {[%clk 00:59:13]} {[%emt 00:01:09]} 16. Ng6 {[%clk
01:03:05]} {[%emt 00:00:22]} Nxg6 {[%clk 00:59:35]} {[%emt 00:00:08]} 17. Bxg6
{[%clk 01:03:16]} {[%emt 00:00:20]} Nf4 {[%clk 00:58:50]} {[%emt 00:01:15]} 18.
Bxf4 {[%clk 00:59:57]} {[%emt 00:03:49]} Bxf4 {[%clk 00:58:50]} {[%emt
00:00:30]} 19. Nh4 {[%clk 00:57:28]} {[%emt 00:03:00]} f5 {[%clk 00:53:59]}
{[%emt 00:05:20]} 20. Qe2 {[%clk 00:54:58]} {[%emt 00:03:00]} Rf6 {[%clk
00:53:48]} {[%emt 00:00:41]} 21. Bh5 {[%clk 00:49:24]} {[%emt 00:06:03]} Bg5
{[%clk 00:39:53]} {[%emt 00:14:26]} 22. Ng6 {[%clk 00:48:51]} {[%emt 00:01:03]}
Qc7 {[%clk 00:27:50]} {[%emt 00:12:33]} 23. h4 {[%clk 00:47:34]} {[%emt
00:01:46]} Bxh4 {[%clk 00:16:41]} {[%emt 00:11:40]} 24. Nxh4 {[%clk 00:47:21]}
{[%emt 00:00:42]} Qf4 {[%clk 00:16:33]} {[%emt 00:00:39]} 25. g3 {[%clk
00:46:09]} {[%emt 00:01:42]} Qxd4 {[%clk 00:16:44]} {[%emt 00:00:18]} 26. Rab1
{[%clk 00:45:50]} {[%emt 00:00:49]} f4 {[%clk 00:17:01]} {[%emt 00:00:14]} 27.
Nf3 {[%clk 00:44:07]} {[%emt 00:02:13]} Qe4 {[%clk 00:14:25]} {[%emt 00:03:05]}
28. Qxe4 {[%clk 00:42:30]} {[%emt 00:02:08]} dxe4 {[%clk 00:14:37]} {[%emt
00:00:19]} 29. Nd2 {[%clk 00:42:17]} {[%emt 00:00:42]} fxg3 {[%clk 00:12:17]}
{[%emt 00:02:51]} 30. Nxe4 {[%clk 00:41:57]} {[%emt 00:00:50]} gxf2+ {[%clk
00:12:30]} {[%emt 00:00:16]} 31. Nxf2 {[%clk 00:42:12]} {[%emt 00:00:14]} Raf8
{[%clk 00:12:28]} {[%emt 00:00:33]} 32. Ne4 {[%clk 00:40:37]} {[%emt 00:02:06]}
Rf4 {[%clk 00:12:43]} {[%emt 00:00:14]} 33. Nd6 {[%clk 00:40:06]} {[%emt
00:01:00]} Bd5 {[%emt 00:11:47]} 34. Re8 {[%clk 00:33:49]} g6 {[%clk 00:08:26]}
{[%emt 00:00:19]} 35. Rxf8+ {[%clk 00:33:18]} {[%emt 00:01:00]} Kxf8 {[%clk
00:08:36]} {[%emt 00:00:20]} 36. Be2 {[%clk 00:32:55]} {[%emt 00:00:48]} h5
{[%clk 00:08:21]} {[%emt 00:00:50]} 37. Rf1 {[%clk 00:31:51]} {[%emt 00:01:33]}
Rxf1+ {[%clk 00:08:32]} {[%emt 00:00:20]} 38. Bxf1 {[%clk 00:31:39]} {[%emt
00:00:43]} b6 {[%clk 00:08:48]} {[%emt 00:00:14]} 39. a3 {[%clk 00:29:33]}
{[%emt 00:02:35]} bxc5 {[%clk 00:08:54]} {[%emt 00:00:25]} 40. bxc5 {[%clk
00:29:50]} {[%emt 00:00:13]} g5 {[%clk 00:09:11]} {[%emt 00:00:12]} 41. Bg2
{[%clk 00:29:50]} {[%emt 00:00:30]} Bxg2 {[%clk 00:08:47]} {[%emt 00:00:53]}
42. Kxg2 {[%clk 00:30:14]} {[%emt 00:00:06]} Kg7 {[%clk 00:09:02]} {[%emt
00:00:15]} 43. Nc8 {[%clk 00:27:36]} {[%emt 00:03:08]} a6 {[%clk 00:09:15]}
{[%emt 00:00:19]} 44. Na7 {[%clk 00:27:41]} {[%emt 00:00:24]} Kf7 {[%clk
00:09:38]} {[%emt 00:00:07]} 45. Nxc6 {[%clk 00:27:53]} {[%emt 00:00:18]} Ke8
{[%clk 00:10:02]} {[%emt 00:00:05]} 46. Nb4 {[%clk 00:26:11]} {[%emt 00:02:12]}
a5 {[%clk 00:09:47]} {[%emt 00:00:46]} 47. Nc6 {[%clk 00:26:24]} {[%emt
00:00:17]} a4 {[%clk 00:10:12]} {[%emt 00:00:06]} 48. Kf3 {[%clk 00:22:57]}
{[%emt 00:03:55]} h4 {[%clk 00:08:29]} {[%emt 00:02:14]} 49. Kg4 {[%clk
00:22:48]} {[%emt 00:00:39]} Kd7 {[%clk 00:08:49]} {[%emt 00:00:10]} 50. Nd4
{[%clk 00:22:34]} {[%emt 00:00:43]} Kc7 {[%clk 00:08:44]} {[%emt 00:00:35]} 51.
c6 {[%clk 00:17:51]} {[%emt 00:05:14]} Kd6 {[%clk 00:07:58]} {[%emt 00:01:16]}
52. c7 {[%clk 00:09:41]} {[%emt 00:08:40]} Kxc7 {[%clk 00:08:20]} {[%emt
00:00:08]} 53. Kxg5 {[%clk 00:07:38]} {[%emt 00:02:32]} h3 {[%clk 00:08:36]}
{[%emt 00:00:15]} 54. Nf3 {[%clk 00:07:59]} {[%emt 00:00:09]} Kc6 {[%clk
00:08:59]} {[%emt 00:00:07]} 55. Kf4 {[%clk 00:08:11]} {[%emt 00:00:18]} Kc5
{[%clk 00:09:21]} {[%emt 00:00:08]} 56. Ke5 {[%clk 00:08:23]} {[%emt 00:00:16]}
Kc4 {[%clk 00:09:43]} {[%emt 00:00:10]} 57. Ke4 {[%clk 00:08:40]} {[%emt
00:00:13]} Kb3 {[%clk 00:10:06]} {[%emt 00:00:07]} 58. Kd3 {[%clk 00:08:30]}
{[%emt 00:00:39]} Kxa3 {[%clk 00:10:28]} {[%emt 00:00:09]} 59. Kc3 {[%clk
00:08:52]} {[%emt 00:00:08]} 1/2-1/2